00457nam a2200193Ia 4500008004100000020001800041245002100059245002400080245001900104260001500123260001600138260000900154300001400163300002500177300001000202440002500212500000700237999001900244170705s9999 xx 000 0 und d a9780439746397 aHere's a hint :  ba book of riddles / cWiley Blevins. aNew York : bScholastic, c2006 a8 pages : bcolor illustration ; c23cm. aScholastic FX books. aBR c335294d335294